María Estuardo : (Record no. 29358)

MARC details
000 -LEADER
campo de control de longitud fija 00755nam a2200229 i 4500
001 - NÚMERO DE CONTROL
campo de control 29358
003 - IDENTIFICADOR DE NÚMERO DE CONTROL
campo de control ES-MaACL
005 - FECHA Y HORA DE LA ÚLTIMA TRANSACCIÓN
campo de control 20231218201854.0
007 - CAMPO FIJO DE DESCRIPCIÓN FÍSICA--INFORMACIÓN GENERAL
campo de control de longitud fija t|
008 - DATOS DE LONGITUD FIJA--INFORMACIÓN GENERAL
campo de control de longitud fija 030121s1942 sp ||||1| spa d
100 1# - ENTRADA PRINCIPAL--NOMBRE DE PERSONA
Nombre de persona Baring, Maurice.
9 (RLIN) 25656
245 10 - MENCIÓN DEL TÍTULO
Título María Estuardo :
Resto del título el principio en el fin /
Mención de responsabilidad, etc. Maurice Baring ; [traducción del inglés por Eulalia Galvarriato de Alonso].
250 ## - MENCION DE EDICION
Mención de edición 1ª ed.
260 ## - PUBLICACIÓN, DISTRIBUCIÓN, ETC.
Lugar de publicación, distribución, etc. [Barcelona :
Nombre del editor, distribuidor, etc. s.n.],
Fecha de publicación, distribución, etc. 1942 (
Fabricante Agustín Núñez)
300 ## - DESCRIPCIÓN FÍSICA
Extensión 291 p., 8 lám. ;
Dimensiones 20 cm.
490 1# - MENCIÓN DE SERIE
Mención de serie Colección Lauro
600 04 - PUNTO DE ACCESO ADICIONAL DE MATERIA--NOMBRE DE PERSONA
Nombre de persona María
Numeración I
Títulos y otros términos asociados al nombre Reina de Escocia.
9 (RLIN) 76666
700 1# - ENTRADA AGREGADA--NOMBRE PERSONAL
Nombre de persona Galvarriato, Eulalia,
Fechas asociadas al nombre 1904-1997
9 (RLIN) 53699
830 1# - PUNTO DE ACCESO ADICIONAL DE SERIE-TÍTULO UNIFORME
Título uniforme Colección Lauro
9 (RLIN) 229295
852 4# - LOCALIZACIÓN
Ubicación ES-MaACL
Número de control de estantería E-879
Holdings
Estatus retirado Estado de pérdida Estado de daño No para préstamo Biblioteca de origen Biblioteca actual Ubicación en estantería Fecha de adquisición Fuente de adquisición Total de préstamos Signatura topográfica completa Código de barras Visto por última vez Precio de reemplazo Tipo de ítem Koha
        Biblioteca del Ateneo de Madrid Biblioteca del Ateneo de Madrid Depósito 2 17/01/2008     E-879 1030308 23/02/2023 23/02/2023 Libro impreso